The finite element method for engineers / (Record no. 13666)
[ view plain ]
| 000 -LEADER | |
|---|---|
| fixed length control field | 01622cam a22003494a 4500 |
| 001 - CONTROL NUMBER | |
| control field | 12402386 |
| 005 - DATE AND TIME OF LATEST TRANSACTION | |
| control field | 20040622190605.0 |
| 008 - FIXED-LENGTH DATA ELEMENTS--GENERAL INFORMATION | |
| fixed length control field | 010508s2001 nyua b 001 0 eng |
| 010 ## - LIBRARY OF CONGRESS CONTROL NUMBER | |
| LC control number | 2001026513 |
| 020 ## - INTERNATIONAL STANDARD BOOK NUMBER | |
| International Standard Book Number | 9788126516407 (cloth : alk. paper) |
| 040 ## - CATALOGING SOURCE | |
| Original cataloging agency | DLC |
| Transcribing agency | DLC |
| Modifying agency | DLC |
| 042 ## - AUTHENTICATION CODE | |
| Authentication code | pcc |
| 050 00 - LIBRARY OF CONGRESS CALL NUMBER | |
| Classification number | TA347.F5 |
| Item number | F83 2001 |
| 082 00 - DEWEY DECIMAL CLASSIFICATION NUMBER | |
| Classification number | 620.00151 |
| Edition number | 21 |
| Item number | HUE |
| 245 04 - TITLE STATEMENT | |
| Title | The finite element method for engineers / |
| Statement of responsibility, etc | Kenneth H. Huebner ... [et al.]. |
| 250 ## - EDITION STATEMENT | |
| Edition statement | 4th ed. |
| Remainder of edition statement | Indian ed. |
| 260 ## - PUBLICATION, DISTRIBUTION, ETC. (IMPRINT) | |
| Place of publication, distribution, etc | New York : |
| Name of publisher, distributor, etc | J. Wiley, |
| Date of publication, distribution, etc | c2001. |
| 300 ## - PHYSICAL DESCRIPTION | |
| Extent | xviii, 720 p. : |
| Other physical details | ill. ; |
| Dimensions | 25 cm. |
| 500 ## - GENERAL NOTE | |
| General note | "A Wiley-Interscience publication." |
| 500 ## - GENERAL NOTE | |
| General note | printed in India. |
| 500 ## - GENERAL NOTE | |
| General note | Indian ed. |
| 504 ## - BIBLIOGRAPHY, ETC. NOTE | |
| Bibliography, etc | Includes bibliographical references and index. |
| 650 #0 - SUBJECT ADDED ENTRY--TOPICAL TERM | |
| Topical term or geographic name as entry element | Finite element method. |
| 9 (RLIN) | 12621 |
| 700 1# - ADDED ENTRY--PERSONAL NAME | |
| Personal name | Huebner, Kenneth H., |
| Dates associated with a name | 1942- |
| 9 (RLIN) | 12622 |
| 700 1# - ADDED ENTRY--PERSONAL NAME | |
| Personal name | Huebner, Kenneth H., |
| Dates associated with a name | 1942- |
| Title of a work | Finite element method for engineers. |
| 9 (RLIN) | 12623 |
| 856 42 - ELECTRONIC LOCATION AND ACCESS | |
| Materials specified | Contributor biographical information |
| Uniform Resource Identifier | <a href="http://www.loc.gov/catdir/bios/wiley046/2001026513.html">http://www.loc.gov/catdir/bios/wiley046/2001026513.html</a> |
| 856 42 - ELECTRONIC LOCATION AND ACCESS | |
| Materials specified | Publisher description |
| Uniform Resource Identifier | <a href="http://www.loc.gov/catdir/description/wiley0310/2001026513.html">http://www.loc.gov/catdir/description/wiley0310/2001026513.html</a> |
| 856 4# - ELECTRONIC LOCATION AND ACCESS | |
| Materials specified | Table of Contents |
| Uniform Resource Identifier | <a href="http://www.loc.gov/catdir/toc/onix05/2001026513.html">http://www.loc.gov/catdir/toc/onix05/2001026513.html</a> |
| 942 ## - ADDED ENTRY ELEMENTS (KOHA) | |
| Source of classification or shelving scheme | Dewey Decimal Classification |
| Item type | Book - Borrowing |
| Withdrawn status | Item status | Source of classification or shelving scheme | Damaged status | Not for loan | Vendor | Home library | Current library | Shelving location | Date acquired | Source of acquisition | Cost, normal purchase price | Serial Enumeration / chronology | Total Checkouts | Total Renewals | Full call number | Barcode | Date last seen | Date last borrowed | Koha item type |
|---|---|---|---|---|---|---|---|---|---|---|---|---|---|---|---|---|---|---|---|
| Dewey Decimal Classification | Alahram | Central Library | Central Library | First floor | 14/03/2010 | 106.50 | 27 | 1 | 2 | 620.00151 HUE | 000019826 | 15/07/2025 | 30/04/2013 | Book - Borrowing |